| 000 | 00436cam a2200193ua 4500 | ||
|---|---|---|---|
| 001 | 3115 | ||
| 005 | 20260515113633.0 | ||
| 008 | 110928n ii |||gr||||Z||||||asm | ||
| 040 | _cMAIN | ||
| 082 | _a891.4513 | ||
| 100 | 1 | _aMahanta, Maini, | |
| 245 | 1 | 1 |
_aSparsha _cby Maini Mahanta |
| 250 | _a5th. | ||
| 260 |
_aGuahati: _bBanalata, _c2009. |
||
| 300 |
_a97p: _c23cm. |
||
| 653 | _aAssamese novel | ||
| 653 | _aSparsha | ||
| 942 | _cBK | ||
| 999 |
_c2959 _d2959 |
||